Fictional Characters Who Are Red Quiz Stats

 Plays Quiz Updated Aug 20, 2015

Score 0/18 Timer 04:00
1 Play Today
row character % Correct
Elmo
96.1%
The Flash
91.7%
Clifford the Big Red Dog
87.9%
Angry Bird
87.6%
Mr. Incredible
85.4%
Red Ranger
85.2%
Kool Aid Man
79.7%
Hellboy
76.3%
Satan
75.7%
row character % Correct
Jessica Rabbit
74.5%
Lightning McQueen
73.3%
Darth Maul
73.2%
Stimpy
65.7%
Daredevil
64.3%
Mr. Krabs
64.1%
Carmen Sandiego
53.8%
Dudley Do-Right
49.3%
Knuckles
42%

You're not logged in!

Compare scores with friends on all Sporcle quizzes.
OR
Log In

Show Comments

Extras

Top Quizzes Today


Score Distribution

Your Account Isn't Verified!

In order to create a playlist on Sporcle, you need to verify the email address you used during registration. Go to your Sporcle Settings to finish the process.

Report this User

Report this user for behavior that violates our Community Guidelines.

Details: